Nadeem Ki Ghazalain (Record no. 299546)
[ view plain ]
| 000 -LEADER | |
|---|---|
| fixed length control field | 00197 a2200097 4500 |
| 001 - CONTROL NUMBER | |
| control field | 64473 |
| 090 ## - LOCALLY ASSIGNED LC-TYPE CALL NUMBER (OCLC); LOCAL CALL NUMBER (RLIN) | |
| -- | 38096 |
| -- | 38096 |
| 100 ## - MAIN ENTRY--PERSONAL NAME | |
| Personal name | Qasmi,Ahmad Nadeem |
| 245 ## - TITLE STATEMENT | |
| Title | Nadeem Ki Ghazalain |
| 260 ## - PUBLICATION, DISTRIBUTION, ETC. | |
| Name of publisher, distributor, etc. | Sang-e-Meel |
| 942 ## - ADDED ENTRY ELEMENTS (KOHA) | |
| Institution code [OBSOLETE] | NUST-CAE |
| Withdrawn status | Lost status | Damaged status | Not for loan | Collection code | Permanent Location | Current Location | Date acquired | Total Checkouts | Barcode | Date last seen | Price effective from | Koha item type |
|---|---|---|---|---|---|---|---|---|---|---|---|---|
| College of Aeronautical Engineering (CAE) | College of Aeronautical Engineering (CAE) | 04/03/2017 | CAEN-4101A | 04/05/2017 | 04/05/2017 | Book |
